Vampire Diaries Season 6 - Statistics

General Stats
  • This quiz has been taken 1,375 times
  • The average score is 9 of 14
Answer Stats
Hint Answer % Correct
Who else was trapped? Kai
85%
How many children was Jo having? Two
83%
Who's mother died? Caroline
81%
Name of the conven? Gemini
81%
Who was Alaric's Fiancé? Jo
80%
Did anyone use it ^^^ Yes
80%
Was this quiz good? YES!!
80%
Salvatores mother? Lilly
69%
Where was Bonnie and Damon trapped? Prison World
68%
Why was Elena late to the wedding? Damon
53%
Who used it ^^^ Elena
49%
What did Bonnie bring back with her? The Cure
41%
What date were they trapped in? May 10
39%
What did he always eat? Pork rashings
1%
No matching quizzes found
Score Distribution
Percent of People with Each Score
Percentile by Number Answered
Your Score History
You have not taken this quiz